La religión de los chibchas (Registro nro. 51774)
[ vista simple ]
| 000 -LÍDER | |
|---|---|
| Campo fijo de descripción fija | 01150aab a2200193 i 4500 |
| 001 - NÚMERO DE CONTROL | |
| Campo de control | 768714001 |
| 003 - IDENTIFICADOR DEL NÚMERO DE CONTROL | |
| Campo de control | CO-MdFUSB |
| 005 - FECHA Y HORA DE LA ULTIMA TRANSACCIÓN | |
| control field | 20240327144758.0 |
| 008 - ELEMENTOS DE LONGITUD FIJA -- INFORMACIÓN GENERAL | |
| Campo fijo de descripción fija -- Información general | 240327t1988 ag ||||| |||| 00| 0 spa d |
| 040 ## - FUENTE DE CATALOGACIÓN | |
| Idioma de catalogación | spa |
| Agencia que realiza la transcripción | CO-MdFUSB |
| 041 ## - CÓDIGO DE IDIOMA | |
| Código de idioma para texto/pista de sonido o título separado | spa |
| 100 1# - ASIENTO PRINCIPAL--NOMBRE PERSONAL | |
| Nombre personal | Deiros, Pablo A. (Alberto) (1945-) |
| Término relacionador | autor |
| 245 13 - TÍTULO | |
| Título | La religión de los chibchas |
| Mención de responsabilidad | / Pablo A. Deiros |
| 300 ## - DESCRIPCIÓN FÍSICA | |
| Extensión | Volumen 7, número 3 (septiembre, 1988), páginas: 20 - 22 |
| Dimensiones | ; 27 cm |
| 520 ## - NOTA DE RESUMEN, ETC. | |
| Nota de sumario, etc. | Un repaso de la religión de los antiguos pueblos de nuestro continente no puede dejar de impresionarnos con el patetismo de su idolatría y extravío moral. Antes de la llegada de los españoles, la oscuridad de una religión demoníaca prevalecía en la conciencia de los habitantes de estas tierras.<br/>Los Chibchas practicaban los sacrificios humanos dedicados especialmente al Sol, que "comía personas". Cuando llegaron los españoles , los chibchas sacrificaban nños, a quienes consideraban hijo del Sol.<br/> |
| 650 #7 - ASIENTO SECUNDARIO DE MATERIA - TERMINO TEMÁTICO | |
| Término temático o nombre geográfico como elemento de entrada | Religión y cultura |
| 9 (RLIN) | 388 |
| 773 0# - ASIENTO DE ITEM FUENTE | |
| Título | Iglesia y Misión |
| Biblionumber | 49402 |
| Itemnumber | 59672 |
| Parte(s) relacionada(s) / Volumen., número. (mes año), páginas | Volumen 7, número 3 (septiembre, 1988), páginas: 20 - 22 |
| Enumeración y primera página | páginas: 20 |
| 942 ## - TIPO DE MATERIAL (KOHA) | |
| Tipo de Item KOHA | Artículos de Revista |
No hay ítems disponibles.
